Hangár v Prahe

Saved in:
Bibliographic Details
Main Author: Grančičová, Ivana, 1985- (Author)
Other Authors: Brodniansky, Ján, 1955- (Thesis advisor)
Format: Manuscript Book
Language:Slovak
Published: Bratislava : STU v Bratislave SvF, 2011
Subjects:
Online Access:VAIS
Tags: Add Tag
No Tags, Be the first to tag this record!

MARC

LEADER 00000ntm a22000003a 4500
001 stu230058
005 20150617230133.0
008 110708s2011----xo------------------slo-d
040 |a STU  |b slo 
041 0 |a slo 
044 |a xo 
100 1 |a Grančičová, Ivana,  |d 1985-  |4 aut  |u V190  |U SvF Stavebná fakulta  |T SvF Katedra kovových a drevených konštrukcií  |X 27387  |U V190  |Y 21  |7 A000027387 
242 0 0 |a Hangar in Prague  |y eng 
245 1 |a Hangár v Prahe 
260 |a Bratislava :  |b STU v Bratislave SvF,  |c 2011 
650 7 |a nosné konštrukcie pozemných stavieb  |2 stusub 
650 7 |a Structures of Buildings  |2 estusub 
700 1 |a Brodniansky, Ján,  |d 1955-  |4 ths  |u V190  |U SvF Stavebná fakulta  |T SvF Katedra kovových a drevených konštrukcií  |X 1013  |U V190  |Y 21  |7 A000001013 
856 4 |a info a plný text  |u http://is.stuba.sk/zp/portal_zp.pl?podrobnosti=69602  |3 VAIS